=LDR 00000nam 2200000 4500 =001 INLIS000000000047103 =005 20150909142543.0 =006 =007 =008 =035 ##$$0010-081500000000017 =082 ##$$a 028.5 =090 ##$$a 028.5 ast h =100 ##$$a astri nurhayati =245 ##$$a hari hari cerah budidaya ikan =260 ##$$a multazam mulia utama =300 ##$$a hln. 86 =850 ##$$a NPBMAT =990 ##$$a 2090101318/BPAP-NTB/2015 =990 ##$$a 2090101319/BPAP-NTB/2015 =990 ##$$a 0001/BPAP-NTB/2015 =990 ##$$a 0001/BPAP-NTB/2015